000 00304nam a22001337a 4500
008 171101b xxu||||| |||| 00| 0 eng d
020 _ax000ah1wbp
041 _aeng
080 _a339
100 _a59
101 _aTRE
245 _aECO-LABELLING AND INTERNATIONAL TRADE
_cZARRILLI,S
942 _2udc
_cBK
999 _c37044
_d37044